[Event "Lausanne op"]
[Site "Lausanne"]
[Date "2006.09.17"]
[Round "4"]
[White "Pinol Fulgoni, Fabrice"]
[Black "Hauchard, Arnaud"]
[Result "0-1"]
[WhiteElo "2270"]
[BlackElo "2483"]
[PlyCount "76"]
[EventDate "2006.09.15"]
[EventType "swiss"]
[EventRounds "7"]
[EventCountry "SUI"]
[SourceTitle "CBM 114 Extra"]
[Source "ChessBase"]
[SourceDate "2006.11.03"]
[SourceVersion "1"]
[SourceVersionDate "2006.11.03"]
[SourceQuality "1"]

1. e4 c5 2. Nc3 a6 3. g3 b5 4. Bg2 Bb7 5. Nge2 e6 6. d4 cxd4 7. Nxd4 Nf6 8. Qe2 Qb6 9. Nb3 d6 10. 0-0 Nbd7 11. Bf4 Be7 12. a4 b4 13. a5 Qc6 14. Na2 d5 15. e5 Ne4 16. f3 Qc4 17. Qd1 Bc5+ 18. Nxc5 Qxc5+ 19. Kh1 Nf2+ 20. Rxf2 Qxf2 21. Nxb4 Qc5 22. c3 0-0 23. Qd4 Qc7 24. Nd3 Bc6 25. Be3 f6 26. exf6 e5 27. Qg4 Rxf6 28. f4 d4 29. cxd4 Bxg2+ 30. Kxg2 Qc6+ 31. Kg1 exf4 32. Nxf4 Re8 33. Bf2 Re4 34. d5 Qb5 35. Rc1 Rexf4 36. Rc8+ Rf8 37. Qxf4 Rxc8 38. Bd4 Rf8 0-1

[Event "Lausanne op"]
[Site "Lausanne"]
[Date "2006.09.16"]
[Round "3"]
[White "Pinol Fulgoni, Fabrice"]
[Black "Gallagher, Joseph G"]
[Result "1/2-1/2"]
[WhiteElo "2270"]
[BlackElo "2516"]
[PlyCount "117"]
[EventDate "2006.09.15"]
[EventType "swiss"]
[EventRounds "7"]
[EventCountry "SUI"]
[SourceTitle "CBM 114 Extra"]
[Source "ChessBase"]
[SourceDate "2006.11.03"]
[SourceVersion "1"]
[SourceVersionDate "2006.11.03"]
[SourceQuality "1"]

1. e4 c5 2. a3 g6 3. d4 cxd4 4. c3 dxc3 5. Nxc3 Bg7 6. Bc4 Nc6 7. Nf3 d6 8. Qb3 Nh6 9. Bxh6 Bxh6 10. Bxf7+ Kf8 11. Be6 Kg7 12. 0-0 Rf8 13. Ne2 Bxe6 14. Qxe6 Qb6 15. b4 Rf6 16. Qd5 Kh8 17. b5 Nd8 18. e5 dxe5 19. Nxe5 Rd6 20. Nf7+ Nxf7 21. Qxf7 Rf8 22. Qc4 Bg7 23. Rac1 Rd2 24. Kh1 Qd6 25. Ng3 Qxa3 26. Ne4 Rd4 27. Qe6 Qb4 28. Ng5 h6 29. Nf3 Rdf4 30. Ne5 Bxe5 31. Qxe5+ Kh7 32. Rc7 R8f7 33. Rc8 Rf8 34. Rc7 Re4 35. Qa1 Qxb5 36. Re1 Rxe1+ 37. Qxe1 Rf7 38. Rxe7 Qf5 39. h4 Qf6 40. Rxf7+ Qxf7 41. h5 gxh5 42. Qe4+ Kg8 43. f4 a5 44. f5 b5 45. f6 Qxf6 46. Qe8+ Kg7 47. Qxb5 Qc3 48. Qd7+ Kf6 49. Qd8+ Kf5 50. Qd7+ Ke4 51. Qe6+ Kd3 52. Qd5+ Kc2 53. Qxh5 a4 54. Qe2+ Kc1 55. Qf1+ Kb2 56. Qe2+ Kb3 57. Qd1+ Qc2 58. Qd5+ Qc4 59. Qd1+ 1/2-1/2

[Event "Lausanne"]
[Site "Lausanne"]
[Date "2005.09.19"]
[Round "9"]
[White "Marcelin, Cyril"]
[Black "Pinol Fulgoni, Fabrice"]
[Result "1-0"]
[WhiteElo "2481"]
[BlackElo "2257"]
[PlyCount "83"]
[EventDate "2005.09.14"]
[EventType "tourn"]
[EventRounds "9"]
[EventCountry "SUI"]
[EventCategory "5"]
[SourceTitle "CBM 108 Extra"]
[Source "ChessBase"]
[SourceDate "2005.11.04"]
[SourceVersion "1"]
[SourceVersionDate "2005.11.04"]
[SourceQuality "1"]

1. e4 c5 2. Nf3 e6 3. b3 b6 4. d4 cxd4 5. Nxd4 Bb7 6. Bd3 a6 7. Bb2 d6 8. 0-0 Nf6 9. Qe2 Be7 10. Nd2 0-0 11. f4 Nc6 12. Nxc6 Bxc6 13. e5 dxe5 14. fxe5 Nd5 15. Ne4 b5 16. Kh1 g6 17. a3 Qb6 18. Rf3 Rad8 19. Raf1 Nc7 20. Nf6+ Bxf6 21. Rxf6 Rd7 22. h4 Ne8 23. R6f4 Ng7 24. Kh2 Qd8 25. Kh3 Kh8 26. g4 Qe7 27. Qf2 Kg8 28. Bd4 Rc8 29. b4 h5 30. Bc5 hxg4+ 31. Kxg4 Qe8 32. Kh3 Nh5 33. Rg4 Kh7 34. Rg5 Ng7 35. h5 Nf5 36. Rfg1 Qh8 37. Bxf5 gxf5 38. Qg3 f6 39. Rg6 Qe8 40. Qf4 Kh8 41. exf6 e5 42. Rh6+ 1-0

[Event "Lausanne"]
[Site "Lausanne"]
[Date "2005.09.16"]
[Round "4"]
[White "Pinol Fulgoni, Fabrice"]
[Black "Seps, Monika"]
[Result "0-1"]
[WhiteElo "2257"]
[BlackElo "2173"]
[PlyCount "80"]
[EventDate "2005.09.14"]
[EventType "tourn"]
[EventRounds "9"]
[EventCountry "SUI"]
[EventCategory "5"]
[SourceTitle "CBM 108 Extra"]
[Source "ChessBase"]
[SourceDate "2005.11.04"]
[SourceVersion "1"]
[SourceVersionDate "2005.11.04"]
[SourceQuality "1"]

1. e4 c5 2. Nf3 d6 3. d4 cxd4 4. Nxd4 Nf6 5. Nc3 a6 6. Be3 e5 7. Nb3 Be6 8. f3 Be7 9. Qd2 0-0 10. 0-0-0 Nbd7 11. g4 b5 12. g5 b4 13. Ne2 Ne8 14. h4 a5 15. Kb1 a4 16. Nbc1 b3 17. cxb3 axb3 18. a3 d5 19. exd5 Bf5+ 20. Ka1 Bxa3 21. bxa3 Rxa3+ 22. Kb2 Qa8 23. Nc3 Nd6 24. Bd3 Ra1 25. Nxb3 Nc4+ 26. Kc2 Rxd1 27. Rxd1 Nxd2 28. Bxf5 Nxb3 29. Bxd7 Nd4+ 30. Bxd4 exd4 31. Bc6 Qa7 32. Nb5 Qa2+ 33. Kc1 Rb8 34. Rd2 Qc4+ 35. Kd1 d3 36. Rb2 Qxh4 37. d6 Qxg5 38. Rb3 Qe3 39. Rb2 Qg1+ 40. Kd2 Qf2+ 0-1

[Event "Lausanne"]
[Site "Lausanne"]
[Date "2005.09.15"]
[Round "2"]
[White "Pinol Fulgoni, Fabrice"]
[Black "Burnier, David"]
[Result "1-0"]
[WhiteElo "2257"]
[BlackElo "2298"]
[PlyCount "55"]
[EventDate "2005.09.14"]
[EventType "tourn"]
[EventRounds "9"]
[EventCountry "SUI"]
[EventCategory "5"]
[SourceTitle "CBM 108 Extra"]
[Source "ChessBase"]
[SourceDate "2005.11.04"]
[SourceVersion "1"]
[SourceVersionDate "2005.11.04"]
[SourceQuality "1"]

1. e4 e5 2. Nf3 Nc6 3. d4 exd4 4. Nxd4 Nf6 5. Nxc6 bxc6 6. e5 Qe7 7. Qe2 Nd5 8. c4 Ba6 9. g3 f6 10. e6 0-0-0 11. Bh3 Kb8 12. 0-0 h5 13. Re1 h4 14. Bg2 hxg3 15. hxg3 g6 16. Nd2 Qh7 17. Nf1 dxe6 18. Qxe6 Bb4 19. Re4 Rd6 20. cxd5 Rxe6 21. Rxb4+ Kc8 22. dxe6 g5 23. Bxc6 Bxf1 24. Be3 Qh2+ 25. Kxf1 Qh3+ 26. Ke1 Qxe6 27. Bb7+ Kd8 28. Rd1+ 1-0

[Event "Sitges op 31st"]
[Site "Sitges"]
[Date "2005.07.??"]
[Round "7"]
[White "Pinol Fulgoni, Fabrice"]
[Black "De la Paz Perdomo, Frank"]
[Result "0-1"]
[WhiteElo "2257"]
[BlackElo "2464"]
[PlyCount "56"]
[EventDate "2005.07.??"]
[EventType "swiss"]
[EventRounds "9"]
[EventCountry "ESP"]
[SourceTitle "EXT 2006"]
[Source "ChessBase"]
[SourceDate "2005.11.24"]
[SourceVersion "1"]
[SourceVersionDate "2005.11.24"]
[SourceQuality "1"]

1. e4 e5 2. Nf3 d6 3. Bc4 Be7 4. Nc3 Nf6 5. 0-0 0-0 6. d3 c6 7. h3 Nbd7 8. a4 h6 9. Be3 Re8 10. Qb1 Nf8 11. Qa2 Be6 12. Bxe6 Nxe6 13. d4 exd4 14. Nxd4 Nc5 15. f3 Bf8 16. Rfe1 a5 17. Rad1 Na6 18. Bf2 Nb4 19. Qb3 Nd7 20. Nde2 Qg5 21. h4 Qf6 22. Na2 Nc5 23. Bxc5 dxc5 24. Nac1 b5 25. c4 bxa4 26. Qc3 Qxh4 27. g3 Qh3 28. f4 Rxe4 0-1

[Event "Gausdal Classic IM-A"]
[Site "Gausdal"]
[Date "2004.09.26"]
[Round "5"]
[White "Pinol Fulgoni, Fabrice"]
[Black "Bogner, Sebastian"]
[Result "0-1"]
[WhiteElo "2133"]
[BlackElo "2178"]
[PlyCount "90"]
[EventDate "2004.09.23"]
[EventType "team"]
[EventRounds "11"]
[EventCountry "NOR"]
[EventCategory "2"]
[SourceTitle "CBM 102 Extra"]
[Source "ChessBase"]
[SourceDate "2004.11.03"]
[SourceVersion "1"]
[SourceVersionDate "2004.11.03"]
[SourceQuality "1"]

1. e4 c5 2. Nc3 Nc6 3. g3 g6 4. Bg2 Bg7 5. d3 d6 6. f4 e6 7. Nf3 Nge7 8. 0-0 0-0 9. Be3 b6 10. Qd2 Ba6 11. Bf2 Qd7 12. Rae1 Rae8 13. g4 f5 14. h3 d5 15. gxf5 gxf5 16. exd5 exd5 17. Ng5 d4 18. Nd1 Nd5 19. c4 dxc3 20. bxc3 h6 21. Nf3 Qd6 22. Bg3 Nc7 23. c4 Rd8 24. Nf2 Ne6 25. Ne5 Nxe5 26. Rxe5 Nc7 27. Bh4 Rd7 28. Rfe1 Bxe5 29. fxe5 Qg6 30. Kh2 Rg7 31. Bf3 Ne6 32. Nh1 Ng5 33. Bd5+ Kh7 34. Ng3 Bb7 35. Qf4 Ne6 36. Qf3 f4 37. Ne4 Nd4 38. Qf2 f3 39. Bxb7 Rxb7 40. Nf6+ Kh8 41. Rg1 Qxd3 42. Qg3 Qxc4 43. e6 Qxa2+ 44. Kh1 Qxe6 45. Ne4 Ne2 0-1

[Event "Gausdal Classic IM-A"]
[Site "Gausdal"]
[Date "2004.09.25"]
[Round "3"]
[White "Pinol Fulgoni, Fabrice"]
[Black "Ivanov, Mikhail M"]
[Result "0-1"]
[WhiteElo "2133"]
[BlackElo "2463"]
[PlyCount "104"]
[EventDate "2004.09.23"]
[EventType "team"]
[EventRounds "11"]
[EventCountry "NOR"]
[EventCategory "2"]
[SourceTitle "CBM 102 Extra"]
[Source "ChessBase"]
[SourceDate "2004.11.03"]
[SourceVersion "1"]
[SourceVersionDate "2004.11.03"]
[SourceQuality "1"]

1. d4 d5 2. c4 e6 3. Nc3 c6 4. e4 Bb4 5. exd5 exd5 6. cxd5 Qxd5 7. Nf3 Nf6 8. Bd3 0-0 9. 0-0 Qd6 10. Ne5 Be6 11. Be3 Nbd7 12. f4 Nd5 13. Nxd5 Bxd5 14. a3 Ba5 15. Qh5 Nf6 16. Qh4 Rfe8 17. f5 Bb6 18. Rae1 c5 19. Bh6 Qf8 20. Re3 c4 21. Rg3 cxd3 22. Bxg7 Qxg7 23. Rxg7+ Kxg7 24. Qg5+ Kf8 25. Qxf6 Bxd4+ 26. Kh1 Bxe5 27. Qh6+ Ke7 28. Qe3 Kd6 29. Qxd3 Rad8 30. Rd1 Kc7 31. Qc2+ Bc6 32. Rxd8 Rxd8 33. Kg1 f6 34. b4 a6 35. a4 Kb8 36. a5 Rg8 37. g3 Bd4+ 38. Kf1 Bb5+ 39. Ke1 Re8+ 40. Kd1 Rd8 41. Qb3 Be5+ 42. Ke1 h5 43. Qf7 Bc3+ 44. Kf2 Rd2+ 45. Ke3 Re2+ 46. Kf3 Re5 47. Kg2 Rxf5 48. Qg8+ Ka7 49. Kh3 Bd7 50. Qd8 Rd5+ 51. Kh4 Rd4+ 52. g4 Be1+ 0-1

[Event "Gausdal Classic IM-A"]
[Site "Gausdal"]
[Date "2004.09.24"]
[Round "2"]
[White "Saevareid, Ove"]
[Black "Pinol Fulgoni, Fabrice"]
[Result "1-0"]
[WhiteElo "2188"]
[BlackElo "2133"]
[PlyCount "81"]
[EventDate "2004.09.23"]
[EventType "team"]
[EventRounds "11"]
[EventCountry "NOR"]
[EventCategory "2"]
[SourceTitle "CBM 102 Extra"]
[Source "ChessBase"]
[SourceDate "2004.11.03"]
[SourceVersion "1"]
[SourceVersionDate "2004.11.03"]
[SourceQuality "1"]

1. c4 g6 2. g3 Bg7 3. Bg2 Nc6 4. Nc3 e5 5. d3 d6 6. e4 Nh6 7. Nge2 0-0 8. h4 f5 9. Nd5 Nf7 10. exf5 Bxf5 11. 0-0 Nd4 12. Nxd4 exd4 13. Re1 Ne5 14. Bg5 Qd7 15. Ne7+ Kh8 16. Nxf5 Qxf5 17. Bf4 Rae8 18. Be4 Qf7 19. Rc1 c6 20. Rc2 Qd7 21. Bxe5 Bxe5 22. Bg2 Rf7 23. f4 Bf6 24. Rxe8+ Qxe8 25. Re2 Re7 26. Rxe7 Qxe7 27. Be4 Kg7 28. Kg2 Qe6 29. Qf3 Qf7 30. b3 Qc7 31. h5 Qf7 32. hxg6 hxg6 33. Qg4 Qe8 34. Qf3 Qd7 35. Kh2 Kh6 36. Kg2 Qc8 37. g4 Bh4 38. Kf1 Qc7 39. g5+ Kg7 40. Qh3 d5 41. Qxh4 1-0

[Event "Lausanne"]
[Site "Lausanne"]
[Date "2004.09.18"]
[Round "6"]
[White "Lamoureux, Charles"]
[Black "Pinol Fulgoni, Fabrice"]
[Result "1/2-1/2"]
[WhiteElo "2393"]
[BlackElo "2210"]
[PlyCount "111"]
[EventDate "2004.09.15"]
[EventType "tourn"]
[EventRounds "9"]
[EventCountry "SUI"]
[EventCategory "5"]
[SourceTitle "CBM 103 Extra"]
[Source "ChessBase"]
[SourceDate "2005.01.01"]
[SourceVersion "1"]
[SourceVersionDate "2005.01.01"]
[SourceQuality "1"]

1. e4 d6 2. d4 Nf6 3. Nc3 g6 4. Nf3 Bg7 5. Be2 0-0 6. 0-0 c6 7. a4 Nbd7 8. Re1 e5 9. Bf1 Re8 10. a5 exd4 11. Nxd4 Nc5 12. f3 d5 13. e5 Nfd7 14. f4 f6 15. b4 fxe5 16. fxe5 Ne6 17. Nf3 Qc7 18. Bb2 Nxe5 19. Rxe5 Bxe5 20. Nxd5 Bxh2+ 21. Nxh2 cxd5 22. Ng4 Qf4 23. Be5 Qg5 24. Bf6 Qf4 25. Be5 Qg5 26. Nf6+ Kf7 27. Qxd5 Qe3+ 28. Kh1 Rd8 29. Qe4 Qxe4 30. Nxe4 Rd5 31. Bb2 Bd7 32. c4 Rh5+ 33. Kg1 Bc6 34. Nd6+ Ke7 35. c5 Rh4 36. Bc3 Rf8 37. Re1 Rg4 38. b5 Bd5 39. Re5 Rgf4 40. Be2 Bb3 41. Nxb7 Bc4 42. Bxc4 Rxc4 43. Re3 Rff4 44. a6 Rfe4 45. Rxe4 Rxe4 46. b6 Rf4 47. Be5 Ra4 48. Na5 Rxa5 49. b7 Rb5 50. c6 Kd8 51. b8Q+ Rxb8 52. Bxb8 Nc7 53. Bxa7 Nxa6 54. Bb6+ Kc8 55. Kf2 Nb4 56. Kf3 1/2-1/2

[Event "SUI Cup final playoff"]
[Site "Baden"]
[Date "2004.08.25"]
[Round "?"]
[White "Pinol Fulgoni, Fabrice"]
[Black "Schaufelberger, Heinz"]
[Result "0-1"]
[WhiteElo "2174"]
[BlackElo "2281"]
[PlyCount "76"]
[EventDate "2002.08.25"]
[EventType "k.o. (rapid)"]
[EventRounds "1"]
[EventCountry "SUI"]
[SourceTitle "EXT 2006"]
[Source "ChessBase"]
[SourceDate "2005.11.24"]
[SourceVersion "1"]
[SourceVersionDate "2005.11.24"]
[SourceQuality "1"]

1. e4 c5 2. Nf3 Nc6 3. d4 cxd4 4. Nxd4 Qb6 5. Nb3 Nf6 6. Nc3 e6 7. Qe2 Bb4 8. Bd2 0-0 9. a3 Bxc3 10. Bxc3 e5 11. 0-0-0 Rd8 12. Rd6 Qc7 13. Rxf6 gxf6 14. Qg4+ Kh8 15. Qh4 Qd6 16. f4 Qe7 17. Bb5 d6 18. Bxc6 bxc6 19. fxe5 dxe5 20. Rf1 Rg8 21. Qxf6+ Qxf6 22. Rxf6 Rxg2 23. Bxe5 Kg8 24. Nc5 Be6 25. Nxe6 Re8 26. Nd4 Rxe5 27. Nxc6 Rxe4 28. b4 Rc4 29. Nxa7 Rcxc2+ 30. Kb1 Rb2+ 31. Ka1 Ra2+ 32. Kb1 Rgb2+ 33. Kc1 Rxh2 34. Kb1 Rxa3 35. Nc6 Rb3+ 36. Ka1 Rbb2 37. Ne7+ Kf8 38. Nd5 Rbd2 0-1

[Event "SUI-chT"]
[Site "Switzerland"]
[Date "2004.02.29"]
[Round "1.8"]
[White "Pinol Fulgoni, Fabrice"]
[Black "Giertz, Niklaus"]
[Result "1-0"]
[WhiteElo "2234"]
[BlackElo "2271"]
[PlyCount "123"]
[EventDate "2004.02.29"]
[EventType "team-tourn"]
[EventRounds "9"]
[EventCountry "SUI"]
[SourceTitle "CBM 099 Extra"]
[Source "ChessBase"]
[SourceDate "2004.05.04"]
[SourceVersion "1"]
[SourceVersionDate "2004.05.04"]
[SourceQuality "1"]
[WhiteTeam "Biel"]
[BlackTeam "Riehen"]
[WhiteTeamCountry "SUI"]
[BlackTeamCountry "SUI"]

1. e4 e5 2. Nf3 Nf6 3. Nxe5 d6 4. Nf3 Nxe4 5. d4 d5 6. Bd3 Bd6 7. 0-0 0-0 8. c4 c6 9. cxd5 cxd5 10. Nc3 Nxc3 11. bxc3 Bg4 12. h3 Bh5 13. Rb1 Nd7 14. Rb5 Nb6 15. c4 Nxc4 16. Rxd5 Bh2+ 17. Nxh2 Qxd5 18. Bxc4 Qxc4 19. Qxh5 Rfd8 20. Nf3 Qxa2 21. Re1 Re8 22. Rxe8+ Rxe8 23. Qb5 Qe2 24. Qb3 b5 25. Ba3 a5 26. Bc5 Ra8 27. Qd5 Re8 28. Qd7 Ra8 29. Qd5 Re8 30. Qd7 h6 31. Bb6 a4 32. Ne5 Qe1+ 33. Kh2 Rxe5 34. dxe5 Qxe5+ 35. g3 f6 36. Bd4 Qe2 37. Qd5+ Kh7 38. Bc5 Qe8 39. Kg2 Kh8 40. h4 Qb8 41. Qe4 Qc8 42. Bb4 Qd7 43. Bf8 Kg8 44. Bb4 h5 45. Kh2 Kf7 46. Qf3 Kg6 47. Qe4+ Qf5 48. Qe8+ Kh7 49. Qe3 Kg8 50. Kg2 Kh7 51. Qf3 Kg6 52. Qc6 Kh7 53. f3 Qe5 54. Qe4+ Qxe4 55. fxe4 Kg6 56. Kf3 Kf7 57. Kf4 Ke6 58. Bf8 Kf7 59. Ba3 Ke6 60. Bb4 g5+ 61. hxg5 fxg5+ 62. Kxg5 1-0

[Event "Biel MTO op"]
[Site "Biel"]
[Date "2003.07.25"]
[Round "5"]
[White "Pinol Fulgoni, Fabrice"]
[Black "Hubschmid, Stefan"]
[Result "1-0"]
[WhiteElo "2133"]
[BlackElo "2059"]
[PlyCount "65"]
[EventDate "2003.07.19"]
[EventType "swiss"]
[EventRounds "11"]
[EventCountry "SUI"]
[SourceTitle "CBM 095 Extra"]
[Source "ChessBase"]
[SourceDate "2003.09.04"]
[SourceVersion "1"]
[SourceVersionDate "2003.09.04"]
[SourceQuality "1"]

1. e4 e5 2. Nf3 Nc6 3. Bb5 a6 4. Bxc6 dxc6 5. 0-0 Qf6 6. d4 exd4 7. Bg5 Qg6 8. Qxd4 Bd6 9. Nbd2 c5 10. Qe3 Be6 11. e5 Be7 12. Bxe7 Nxe7 13. Qxc5 Nc6 14. Rfe1 0-0-0 15. Qc3 h5 16. h4 Kb8 17. b4 Bh3 18. Ng5 Bf5 19. Nde4 Rhf8 20. Nc5 Rd5 21. e6 fxe6 22. Nxa6+ Kc8 23. Nc5 e5 24. b5 Nd4 25. Qa3 Rxc5 26. Qxc5 Qf6 27. Qxe5 Nxc2 28. Rac1 Qb6 29. Qe7 Rd8 30. Nf7 Rg8 31. Re5 Nd4 32. Nd6+ Kb8 33. Nxf5 1-0

[Event "Southend op"]
[Site "London"]
[Date "2003.04.20"]
[Round "6"]
[White "Pinol Fulgoni, Fabrice"]
[Black "Muter, Donny"]
[Result "1-0"]
[WhiteElo "2210"]
[BlackElo "2124"]
[PlyCount "65"]
[EventDate "2003.04.18"]
[EventType "swiss"]
[EventRounds "7"]
[EventCountry "ENG"]
[SourceTitle "EXT 2006"]
[Source "ChessBase"]
[SourceDate "2005.11.24"]
[SourceVersion "1"]
[SourceVersionDate "2005.11.24"]
[SourceQuality "1"]

1. e4 d6 2. d4 Nf6 3. Nc3 c6 4. f4 Qa5 5. Bd3 e5 6. Nf3 Bg4 7. Be3 Nbd7 8. 0-0 Be7 9. Qe1 Bxf3 10. Rxf3 Ng4 11. Bd2 Qb6 12. h3 Ngf6 13. Ne2 Qc7 14. Bc3 c5 15. dxe5 dxe5 16. fxe5 Nxe5 17. Bb5+ Kf8 18. Rf5 Nc6 19. e5 Ng8 20. Nf4 Qc8 21. e6 f6 22. Rd1 a6 23. Bxc6 Qxc6 24. Rfd5 b5 25. Qe4 Re8 26. Ba5 Nh6 27. g4 c4 28. g5 Ng8 29. Qxh7 Bc5+ 30. Kg2 Rxe6 31. Nxe6+ Qxe6 32. Rd8+ Kf7 33. g6+ 1-0

[Event "Southend op"]
[Site "London"]
[Date "2003.04.19"]
[Round "4"]
[White "Pinol Fulgoni, Fabrice"]
[Black "Moore, John C"]
[Result "1/2-1/2"]
[WhiteElo "2210"]
[BlackElo "2093"]
[PlyCount "119"]
[EventDate "2003.04.18"]
[EventType "swiss"]
[EventRounds "7"]
[EventCountry "ENG"]
[SourceTitle "EXT 2006"]
[Source "ChessBase"]
[SourceDate "2005.11.24"]
[SourceVersion "1"]
[SourceVersionDate "2005.11.24"]
[SourceQuality "1"]

1. e4 Nf6 2. e5 Nd5 3. d4 d6 4. Nf3 Bg4 5. Be2 e6 6. 0-0 Be7 7. h3 Bh5 8. c4 Nb6 9. exd6 cxd6 10. Nc3 0-0 11. b3 d5 12. c5 Bxf3 13. Bxf3 Nc8 14. b4 a6 15. a4 Nc6 16. Rb1 Bf6 17. Be3 N8e7 18. b5 Na5 19. Be2 Nf5 20. bxa6 bxa6 21. Rb6 Qc8 22. Qd2 Nc6 23. Bg4 Bxd4 24. Bxf5 Bxc3 25. Qxc3 exf5 26. Rd1 Rd8 27. Bd4 Nxd4 28. Qxd4 Qc7 29. a5 f6 30. Re1 Qf7 31. Ree6 Qc7 32. Rxa6 Rxa6 33. Rxa6 Qe5 34. Qxe5 fxe5 35. Rd6 Ra8 36. c6 Rc8 37. Rxd5 Rxc6 38. Rxe5 g6 39. Re7 Rc1+ 40. Kh2 Ra1 41. Re5 Kg7 42. g4 Kf6 43. Rb5 Ra3 44. Kg2 h5 45. f3 hxg4 46. hxg4 Ra4 47. Kg3 Ra3 48. gxf5 gxf5 49. Rb6+ Kg5 50. a6 f4+ 51. Kf2 Ra2+ 52. Ke1 Kh4 53. Rg6 Kh5 54. Rg4 Rxa6 55. Rxf4 Ra2 56. Rg4 Rb2 57. Rg8 Kh6 58. f4 Kh7 59. Rg3 Rb4 60. Rg4 1/2-1/2

[Event "Lausanne int"]
[Site "Lausanne"]
[Date "2003.??.??"]
[Round "?"]
[White "Pinol Fulgoni, Fabrice"]
[Black "Gheorghiu, Florin"]
[Result "1/2-1/2"]
[WhiteElo "2210"]
[BlackElo "2430"]
[PlyCount "40"]
[EventDate "2003.09.??"]
[EventType "swiss"]
[EventRounds "7"]
[EventCountry "SUI"]
[SourceTitle "EXT 2004"]
[Source "ChessBase"]
[SourceDate "2003.11.25"]
[SourceVersion "1"]
[SourceVersionDate "2003.11.25"]
[SourceQuality "1"]

1. e4 c5 2. Nc3 Nc6 3. g3 g6 4. Bg2 Bg7 5. d3 d6 6. f4 e5 7. Nf3 Nge7 8. 0-0 0-0 9. f5 gxf5 10. Nh4 fxe4 11. dxe4 f6 12. Nf5 Nxf5 13. exf5 Ne7 14. Qd3 Rb8 15. Be3 Kh8 16. Rad1 c4 17. Qe4 b5 18. Bxa7 Bb7 19. Qe2 Bxg2 20. Qxg2 Rc8 1/2-1/2

[Event "Lausanne int"]
[Site "Lausanne"]
[Date "2003.??.??"]
[Round "?"]
[White "Raetsky, Alexander"]
[Black "Pinol Fulgoni, Fabrice"]
[Result "1-0"]
[WhiteElo "2435"]
[BlackElo "2210"]
[PlyCount "59"]
[EventDate "2003.09.??"]
[EventType "swiss"]
[EventRounds "7"]
[EventCountry "SUI"]
[SourceTitle "EXT 2004"]
[Source "ChessBase"]
[SourceDate "2003.11.25"]
[SourceVersion "1"]
[SourceVersionDate "2003.11.25"]
[SourceQuality "1"]

1. d4 d5 2. c4 c6 3. Nf3 Nf6 4. Qc2 dxc4 5. Qxc4 Bf5 6. g3 e6 7. Bg2 Nbd7 8. 0-0 Be7 9. Nc3 0-0 10. e3 Rc8 11. Qe2 Ne4 12. Nd2 Nxc3 13. bxc3 b5 14. e4 Bg6 15. f4 f5 16. Re1 Re8 17. a4 c5 18. axb5 cxd4 19. cxd4 Nb6 20. Nf3 fxe4 21. Ne5 Qxd4+ 22. Be3 Qxe3+ 23. Qxe3 Bc5 24. Nxg6 Bxe3+ 25. Rxe3 hxg6 26. Bxe4 Nd5 27. Ree1 Nc3 28. Bc6 Re7 29. Ra3 a6 30. Rxc3 1-0

[Event "Lausanne int"]
[Site "Lausanne"]
[Date "2003.??.??"]
[Round "?"]
[White "Shytaj, Luca"]
[Black "Pinol Fulgoni, Fabrice"]
[Result "1/2-1/2"]
[WhiteElo "2335"]
[BlackElo "2210"]
[PlyCount "75"]
[EventDate "2003.09.??"]
[EventType "swiss"]
[EventRounds "7"]
[EventCountry "SUI"]
[SourceTitle "EXT 2004"]
[Source "ChessBase"]
[SourceDate "2003.11.25"]
[SourceVersion "1"]
[SourceVersionDate "2003.11.25"]
[SourceQuality "1"]

1. e4 c5 2. Nf3 Nc6 3. Nc3 Nf6 4. Bb5 Qc7 5. 0-0 e5 6. Bc4 Be7 7. d3 h6 8. h3 0-0 9. Nh2 Nd4 10. f4 exf4 11. Bxf4 Bd6 12. Bxd6 Qxd6 13. Nd5 Nxd5 14. Bxd5 Qe7 15. Ng4 d6 16. c3 Bxg4 17. hxg4 Ne6 18. Rf2 Rac8 19. a4 Kh8 20. Qb3 Nd8 21. Raf1 f6 22. g3 Nf7 23. Rf5 Rc7 24. Qd1 Ng5 25. Kg2 Kh7 26. Qd2 Re8 27. Qf4 Qd7 28. b3 Re5 29. Rh1 Qd8 30. Qd2 Re8 31. Rb1 Qd7 32. Bc4 Rb8 33. Qf4 Ne6 34. Qf2 Ng5 35. Rh1 Qe7 36. Re1 Re8 37. Bd5 Qd8 38. Rb1 1/2-1/2

[Event "SUI-chT"]
[Site "Switzerland"]
[Date "2002.09.08"]
[Round "7.6"]
[White "Pinol Fulgoni, Fabrice"]
[Black "Weindl, Alfred"]
[Result "1-0"]
[WhiteElo "2194"]
[BlackElo "2374"]
[PlyCount "71"]
[EventDate "2002.03.03"]
[EventType "team-tourn"]
[EventRounds "9"]
[EventCountry "SUI"]
[SourceTitle "EXT 2003"]
[Source "ChessBase"]
[SourceDate "2002.11.25"]
[SourceVersion "1"]
[SourceVersionDate "2002.11.25"]
[SourceQuality "1"]

1. e4 c5 2. Nf3 Nc6 3. d4 cxd4 4. Nxd4 Nf6 5. Nc3 d6 6. f3 e6 7. Be3 Be7 8. Qd2 0-0 9. 0-0-0 a6 10. g4 Nxd4 11. Qxd4 Nd7 12. g5 b5 13. h4 Rb8 14. Kb1 b4 15. Ne2 Ne5 16. f4 Nc6 17. Qd2 a5 18. h5 a4 19. Bg2 b3 20. cxb3 axb3 21. a3 Qa5 22. Nc1 Qxd2 23. Bxd2 d5 24. Rh3 Nd4 25. Rd3 e5 26. fxe5 Bg4 27. Rh1 Bc5 28. Be3 Ne6 29. Bxc5 Nxc5 30. Rg3 Be6 31. exd5 Bf5+ 32. Ka1 Rfd8 33. Rc3 Na4 34. Rc4 Ra8 35. d6 Ra7 36. Bh3 1-0

[Event "SUI-chT"]
[Site "Switzerland"]
[Date "2002.09.07"]
[Round "6.8"]
[White "Denoth, Mario"]
[Black "Pinol Fulgoni, Fabrice"]
[Result "1/2-1/2"]
[WhiteElo "2220"]
[BlackElo "2194"]
[PlyCount "133"]
[EventDate "2002.03.03"]
[EventType "team-tourn"]
[EventRounds "9"]
[EventCountry "SUI"]
[SourceTitle "EXT 2003"]
[Source "ChessBase"]
[SourceDate "2002.11.25"]
[SourceVersion "1"]
[SourceVersionDate "2002.11.25"]
[SourceQuality "1"]

1. d4 g6 2. e4 d6 3. c3 Nf6 4. Bd3 Bg7 5. Nf3 0-0 6. 0-0 Bg4 7. Nbd2 Nh5 8. Re1 e5 9. h3 Nf4 10. Bf1 Bc8 11. dxe5 dxe5 12. Nc4 Qe7 13. a4 a5 14. b3 Rd8 15. Qc2 Nc6 16. Kh2 Qf6 17. Ng1 h5 18. g3 Ne6 19. h4 g5 20. Bxg5 Nxg5 21. hxg5 Qxg5 22. Nf3 Qh6 23. Ne3 Ne7 24. Bh3 Bg4 25. Nh4 Bf6 26. Bxg4 Bxh4 27. Bf3 Bg5 28. Rad1 Bxe3 29. Rxe3 h4 30. gxh4 Qxh4+ 31. Kg1 Ng6 32. Bg2 Rxd1+ 33. Qxd1 Rd8 34. Rd3 Rxd3 35. Qxd3 Qg5 36. Qf3 Nf4 37. Kf1 Kf8 38. Bh3 Qh6 39. Bf5 Qa6+ 40. c4 Qd6 41. Kg1 Qd2 42. Bg4 Qe1+ 43. Kh2 Qf1 44. Qg3 Nd3 45. f3 Nf4 46. Bh3 Qe2+ 47. Bg2 Qd2 48. Qg4 Ne6 49. Qh4 Qf4+ 50. Qxf4 exf4 51. Kh3 Nd4 52. Kg4 Nxb3 53. Kxf4 Nc5 54. Ke3 Nxa4 55. Kd4 Ke7 56. c5 b5 57. cxb6 cxb6 58. Kc4 Nc5 59. Kb5 Kd6 60. Kxb6 a4 61. Bf1 Nb3 62. Bc4 f6 63. f4 Nd2 64. e5+ fxe5 65. fxe5+ Kxe5 66. Kb5 a3 67. Ba2 1/2-1/2